| 000 | 00499nam a2200193Ia 4500 | ||
|---|---|---|---|
| 003 | GCL | ||
| 008 | 140319s9999 xx 000 0 eng d | ||
| 040 |
_aGCL / _cGCL |
||
| 082 | 0 | 4 |
_a892.76 _bM A |
| 100 | 1 | _aNAGUIB MAHFOUZ | |
| 245 | 1 | 0 |
_aARABISKE NETTER / _cNAGUIB MAHFOUZ |
| 260 |
_a[S.N] : _bTHE AMERICAN UNIVERSITY IN CAIRO PRESS ، _c1996 |
||
| 300 | _a272 P | ||
| 650 | 0 | 4 | _aLITERATURE |
| 650 | 0 | 4 | _aARABIC LITERATURE |
| 650 | 0 | 4 | _aFICTION |
| 650 | 0 | 4 | _aARABIC FICTION |
| 942 |
_2ddc _cBK |
||
| 999 |
_c14734 _d14734 |
||